000 00487nam a2200181Ia 4500
008 240729s9999 xx 000 0 und d
022 _a2369-9698
245 0 _aJournal of Bioresources and Bioproducts
260 _aChina
260 _bKeAi Communications Co., Ltd.
650 _a Biochemistry
650 _a Chemistry
650 _a Organic chemistry
650 _aScience
856 _uhttps://doaj.org/toc/c831704490ba475c8687f3d9970e5784
942 _2ddc
942 _cDOAJEJ
999 _c73023
_d73023
945 _a1
_bMadushi Gamage
_c1
_dMadushi Gamage